zpět

Detail výsledku týmu

The PUB Praha 6 , Praha

Datum a čas kvízu

28 Celkem bodů Celkový počet nahraných bodů na tomto kvízu bez doplňovacích otázek.
12. Pořadí na kvízu Konečné umístění týmu na tomto kvízu.

Zaznamenané odpovědi

# Otázka Odpověď Body Výsledky
1. Společnost Staropramen minulý... Pardubice 1
2. V úterý překročil podle Organi... 8 miliard 1
3. Letošní vyhlašování hudebních... Taylor Swift 1
4. V úterý a ve středu se konal s... Bali 0
5. Hokejová Sparta Praha má novéh... Miloslav Hořava 0
6. Jméno Dukla je v českém prostř... Ludvík Svoboda 0
7. Před érou Romana Šebrleho a To... Robert Změlík 0
8. Fotbalisté Dukly Praha na počá... Ota Pavel 1
9. Dvoudílný televizní film David... Havířov 0
10. Svatý Jan z Dukly byl františk... Polsko 1